[Event "C.to Provinciale MB"]
[Site "Barlassina ITA"]
[Date "2012.02.03"]
[Round "1"]
[White "Barberi, Alessandro"]
[Black "Greco, Umberto"]
[Result "1-0"]
[WhiteElo "2060"]
[BlackElo "1700"]
[PlyCount "69"]
[EventDate "2012.02.03"]

1. d4 Nf6 2. Nf3 g6 3. g3 Bg7 4. Bg2 O-O 5. c4 d6 6. Nc3 c5 7. O-O Nbd7 8. d5
Ng4 9. Qc2 Nde5 10. Nd2 Rb8 11. h3 Nf6 12. f4 Ned7 13. e4 a6 14. a4 Ne8 15. Re1
Nc7 16. Bf1 b5 17. cxb5 axb5 18. Nxb5 Nxb5 19. Bxb5 Qa5 20. Ra3 Nb6 21. Kh2 Qb4
22. Rb3 Qd4 23. Nf3 Qf6 24. a5 Na8 25. g4 Bh8 26. e5 Qg7 27. Bd2 Nc7 28. Bc6
Ba6 29. exd6 Rxb3 30. Qxb3 exd6 31. Re7 Na8 32. Bc3 Qh6 33. g5 Qh5 34. Bxh8
Kxh8 35. Bd7 1-0

[Event "C.to Provinciale MB"]
[Site "Barlassina ITA"]
[Date "2012.02.03"]
[Round "1"]
[White "Bozzali, Ermanno"]
[Black "Mondal, Prince"]
[Result "0-1"]
[WhiteElo "2110"]
[BlackElo "1768"]
[PlyCount "96"]
[EventDate "2012.02.03"]

1. d4 d5 2. Nf3 c6 3. g3 Nf6 4. Bg2 Bf5 5. O-O e6 6. Nbd2 Bd6 7. c4 O-O 8. b3
Nbd7 9. Bb2 Qc7 10. Rc1 h6 11. Re1 Rfe8 12. a3 a5 13. Nb1 Rac8 14. Nfd2 Qb8 15.
Nc3 b5 16. e4 dxe4 17. Ncxe4 Nxe4 18. Nxe4 Bf8 19. Re3 Nb6 20. c5 Nd5 21. Re1
Qc7 22. Rf1 Rb8 23. Qe2 b4 24. a4 Rbd8 25. Rfd1 Rd7 26. Rc4 Red8 27. Rdc1 Be7
28. h4 Nf6 29. Nd6 Nd5 30. Nxf5 exf5 31. Qe5 g6 32. Bxd5 Qxe5 33. Bxf7+ Kxf7
34. dxe5 Rd3 35. Re1 Ke6 36. Bc1 h5 37. Re3 Rxe3 38. Bxe3 Rd3 39. Kf1 Rxb3 40.
Ke2 Kxe5 41. f3 Ra3 42. g4 Rxa4 43. Bd2 Kd5 44. Rc1 Bxc5 45. gxh5 gxh5 46. Rb1
Ra2 47. Kd3 Bd4 48. Re1 Rxd2+ 0-1

[Event "C.to Provinciale MB"]
[Site "Barlassina ITA"]
[Date "2012.02.03"]
[Round "1"]
[White "Burani, Eugenio"]
[Black "Lipari, Alberto"]
[Result "1-0"]
[WhiteElo "1878"]
[BlackElo "1624"]
[PlyCount "45"]
[EventDate "2012.02.03"]

1. e4 g6 2. d4 Bg7 3. Nc3 d6 4. Bc4 Nc6 5. Nf3 e5 6. Bg5 Nge7 7. dxe5 Nxe5 8.
Nxe5 Bxe5 9. Nd5 f6 10. Bxf6 Bxf6 11. Nxf6+ Kf8 12. Qd4 Nc6 13. Nd7+ Ke8 14.
Qxh8+ Kxd7 15. Qxh7+ Ne7 16. Qh3+ Ke8 17. Qh8+ Kd7 18. Be6+ Kxe6 19. Qxd8 b6
20. Qxc7 Bd7 21. Qc4+ Kf6 22. O-O-O Ke5 23. Qd4+ 1-0

[Event "C.to Provinciale MB"]
[Site "Barlassina ITA"]
[Date "2012.02.03"]
[Round "1"]
[White "Carbone, Lorenzo"]
[Black "Cocconcelli, Lorenzo"]
[Result "0-1"]
[WhiteElo "1698"]
[BlackElo "1941"]
[PlyCount "62"]
[EventDate "2012.02.03"]

1. e4 e6 2. Nf3 d5 3. exd5 exd5 4. d4 Bg4 5. Bd3 Nc6 6. Be3 Bd6 7. h3 Bh5 8.
O-O Nge7 9. c4 dxc4 10. Bxc4 Qd7 11. Nc3 O-O-O 12. Ne4 Nf5 13. Nc5 Bxc5 14.
dxc5 Nxe3 15. fxe3 Qe7 16. Qc1 Rhe8 17. Re1 Bxf3 18. gxf3 Qh4 19. Kh2 Qf2+ 20.
Kh1 Qxf3+ 21. Kh2 Qf2+ 22. Kh1 Qg3 23. Bf1 Re5 24. Bg2 g5 25. b4 g4 26. hxg4
Qxg4 27. b5 Qg3 28. Kg1 Rg8 29. Qd2 Rh5 30. bxc6 Qh2+ 31. Kf1 Rf5+ 0-1

[Event "C.to Provinciale MB"]
[Site "Barlassina ITA"]
[Date "2012.02.03"]
[Round "1"]
[White "Falchi, Claudio"]
[Black "Lapiccirella, Daniele"]
[Result "0-1"]
[WhiteElo "1777"]
[BlackElo "2235"]
[PlyCount "54"]
[EventDate "2012.02.03"]

1. e4 c5 2. Nc3 e6 3. g3 d5 4. exd5 exd5 5. d4 cxd4 6. Qxd4 Nf6 7. Bg5 Be7 8.
Bg2 Nc6 9. Qd2 O-O 10. Nge2 Be6 11. Nf4 d4 12. Bxf6 Bxf6 13. Ne4 Bc4 14. O-O-O
Be7 15. c3 Bxa2 16. cxd4 Bb4 17. Nc3 Bb3 18. Rde1 Nxd4 19. Bxb7 Rb8 20. Be4 Qb6
21. Qd3 Bxc3 22. Bxh7+ Kh8 23. bxc3 Ba4 24. Kd2 Qb2+ 25. Ke3 Nc2+ 26. Ke4 Nxe1
27. Rxe1 Bc2 0-1

[Event "C.to Provinciale MB"]
[Site "Barlassina ITA"]
[Date "2012.02.03"]
[Round "1"]
[White "Guzzetti, Luigi Enrico"]
[Black "Monticelli, Francesco"]
[Result "1-0"]
[WhiteElo "1905"]
[BlackElo "1690"]
[PlyCount "133"]
[EventDate "2012.02.03"]

1. e4 c6 2. d4 d5 3. Nc3 dxe4 4. Nxe4 Bf5 5. Ng3 Bg6 6. Nf3 h6 7. Bd3 Bxd3 8.
Qxd3 Nd7 9. O-O e6 10. Re1 Bd6 11. Ne4 Bc7 12. c4 Ngf6 13. Bd2 O-O 14. Rad1
Nxe4 15. Qxe4 Nf6 16. Qc2 Re8 17. Bc3 Qe7 18. d5 cxd5 19. cxd5 Rad8 20. Bxf6
gxf6 21. dxe6 fxe6 22. Rxd8 Bxd8 23. Qg6+ Kh8 24. Qxh6+ Qh7 25. Qf4 e5 26. Qa4
Rg8 27. Qxa7 e4 28. Nd2 Qg7 29. g3 f5 30. Qe3 Bg5 31. Qe2 Qg6 32. Nc4 Re8 33.
Qd1 f4 34. Nd6 Rd8 35. Qd4+ Kh7 36. Qxe4 Rxd6 37. Qxb7+ Kh6 38. Qb4 fxg3 39.
hxg3 Rf6 40. Qg4 Qf5 41. Qxf5 Rxf5 42. Re6+ Kh5 43. Kg2 Ra5 44. Kh3 Bc1 45. f4
Bxf4 46. gxf4 Rxa2 47. Re5+ Kg6 48. Rb5 Kf6 49. Kg4 Ra4 50. Rb6+ Ke7 51. Kf5
Rd4 52. Ke5 Rd2 53. Rb7+ Kd8 54. f5 Re2+ 55. Kf6 Kc8 56. Rb5 Kd7 57. Kf7 Re7+
58. Kf6 Re2 59. Kg6 Rg2+ 60. Kf7 Kc6 61. Rb3 Kd5 62. f6 Ke5 63. Rb5+ Kd6 64.
Kf8 Ke6 65. f7 Rg4 66. Ke8 Rc4 67. Rb6+ 1-0

[Event "C.to Provinciale MB"]
[Site "Barlassina ITA"]
[Date "2012.02.03"]
[Round "1"]
[White "Puppi, Simone"]
[Black "Colombo, Luca"]
[Result "0-1"]
[WhiteElo "1648"]
[BlackElo "1887"]
[PlyCount "78"]
[EventDate "2012.02.03"]

1. e4 c5 2. Nf3 d6 3. d4 cxd4 4. Nxd4 Nf6 5. Nc3 g6 6. Be3 Bg7 7. f3 O-O 8. Qd2
Nc6 9. O-O-O Bd7 10. Bb5 Ne5 11. Bxd7 Nc4 12. Qd3 Nxe3 13. Qxe3 Nxd7 14. Kb1
Rc8 15. g4 Ne5 16. h3 Qa5 17. Nb3 Qc7 18. f4 Nc4 19. Qd3 Nxb2 20. Nd5 Qd7 21.
Qf3 Nxd1 22. Qxd1 e6 23. Ne3 Rc3 24. Qd2 Qc7 25. f5 Rc8 26. Rc1 a5 27. a4 Qb6
28. Nd1 Rxh3 29. Ka2 Bh6 30. g5 Bxg5 31. Qxg5 Rxc2+ 32. Rxc2 Qxb3+ 33. Ka1 Qxc2
34. Qd8+ Kg7 35. Qxd6 Qxa4+ 36. Kb1 Qxe4+ 37. Kb2 Qb4+ 38. Qxb4 axb4 39. fxg6
hxg6 0-1

[Event "C.to Provinciale MB"]
[Site "Barlassina ITA"]
[Date "2012.02.03"]
[Round "1"]
[White "Ronconi, Fausto"]
[Black "Moroni, Luca jr"]
[Result "0-1"]
[WhiteElo "1726"]
[BlackElo "2061"]
[PlyCount "80"]
[EventDate "2012.02.03"]

1. c4 e6 2. Nc3 d5 3. cxd5 exd5 4. d4 c6 5. Nf3 Bd6 6. e3 Bf5 7. Qb3 Qb6 8.
Qxb6 axb6 9. b3 h6 10. Be2 Nd7 11. Bb2 Ngf6 12. O-O O-O 13. a4 Rfe8 14. Ba3
Bxa3 15. Rxa3 b5 16. Raa1 bxa4 17. bxa4 Ra7 18. Rfc1 Rea8 19. Bd1 Ne4 20. Nxe4
Bxe4 21. Nd2 Bg6 22. Rc3 Nb6 23. Rca3 Nc4 24. Nxc4 dxc4 25. a5 Ra6 26. Ra4 c3
27. Be2 b5 28. R4a3 c2 29. f3 Rxa5 30. Rxa5 Rxa5 31. Rc1 b4 32. Bc4 Ra3 33. e4
Rc3 34. Ba2 Kf8 35. Kf2 f5 36. d5 fxe4 37. dxc6 e3+ 38. Ke2 b3 39. Bxb3 Rxb3
40. c7 Rc3 0-1

[Event "C.to Provinciale MB"]
[Site "Barlassina ITA"]
[Date "2012.02.03"]
[Round "1"]
[White "Sala, Pierluigi"]
[Black "Regorda, Vittorio"]
[Result "0-1"]
[WhiteElo "1454"]
[BlackElo "1832"]
[PlyCount "68"]
[EventDate "2012.02.03"]

1. d4 d5 2. Nf3 Nf6 3. e3 c5 4. c4 cxd4 5. cxd5 dxe3 6. Bxe3 Qxd5 7. Nc3 Qxd1+
8. Rxd1 a6 9. Bb6 Nbd7 10. Be3 e6 11. a3 Be7 12. Bc4 O-O 13. O-O b5 14. Ba2 Bb7
15. Nd4 Nc5 16. b4 Nce4 17. Nxe4 Bxe4 18. f3 Bd5 19. Bb1 Bc4 20. Rfe1 Nd5 21.
Be4 Bf6 22. g4 Rac8 23. g5 Nxe3 24. Rxe3 Bxg5 25. Ree1 Bf6 26. Bb7 Rb8 27. Bxa6
Rb6 28. Bxb5 Bxb5 29. Nb3 Ba4 30. Rb1 Rd8 31. Nc5 Bd4+ 32. Kg2 Bc6 33. Red1 e5
34. a4 Bd5 0-1

[Event "C.to Provinciale MB"]
[Site "Barlassina ITA"]
[Date "2012.02.03"]
[Round "1"]
[White "Viale, Fabio"]
[Black "Verderame, Alberto"]
[Result "1-0"]
[WhiteElo "1812"]
[BlackElo "1425"]
[PlyCount "95"]
[EventDate "2012.02.03"]

1. d4 d5 2. c4 e6 3. Nc3 Nf6 4. Bg5 c6 5. e3 Be7 6. Nf3 dxc4 7. Bxc4 b5 8. Bd3
b4 9. Na4 Ba6 10. Rc1 Bxd3 11. Qxd3 a5 12. O-O Nd5 13. Bxe7 Qxe7 14. Ne5 Qd6
15. Qc2 Ne7 16. Nc4 Qc7 17. Qd3 O-O 18. Nc5 Nd7 19. Ne4 c5 20. Ne5 Nxe5 21.
dxe5 Qxe5 22. b3 Rfc8 23. f4 Qf5 24. Qc4 Nd5 25. Nd6 Nxe3 26. Nxf5 Nxc4 27.
Ne7+ Kh8 28. Nxc8 Nd2 29. Rfd1 Rxc8 30. Rxd2 h6 31. Rd7 Kg8 32. Ra7 c4 33. Rxc4
Rd8 34. Rc2 Rd4 35. g3 Rd5 36. Kf2 f6 37. Ke3 e5 38. Ke4 Rd4+ 39. Kf5 e4 40.
Kg6 Rd8 41. Rxg7+ Kf8 42. Rf7+ Kg8 43. Re2 Re8 44. Rxf6 e3 45. Kxh6 Re7 46. Kg5
Rh7 47. h4 Rg7+ 48. Rg6 1-0

[Event "C.to Provinciale MB"]
[Site "Barlassina ITA"]
[Date "2012.02.04"]
[Round "2"]
[White "Cocconcelli, Lorenzo"]
[Black "Viale, Fabio"]
[Result "1/2-1/2"]
[WhiteElo "1941"]
[BlackElo "1812"]
[PlyCount "76"]
[EventDate "2012.02.03"]

1. d4 Nf6 2. Nf3 b6 3. e3 Bb7 4. Bd3 e6 5. Nbd2 d5 6. Qe2 Nbd7 7. O-O Be7 8. c3
O-O 9. e4 dxe4 10. Nxe4 Nxe4 11. Bxe4 Bxe4 12. Qxe4 Nf6 13. Qe2 c5 14. Re1 cxd4
15. Nxd4 Qd5 16. Bf4 Rfd8 17. Red1 Qb7 18. Rd2 Rd7 19. Rad1 Ne4 20. Rd3 Rad8
21. Re1 Nc5 22. Rdd1 Bf6 23. Be3 e5 24. Nf3 Nd3 25. Rf1 Qe4 26. Rd2 Qg6 27.
Rfd1 e4 28. Ne1 Qf5 29. Nxd3 exd3 30. Qf1 h5 31. g3 h4 32. f3 Qe6 33. Rxd3 Rxd3
34. Rxd3 Rxd3 35. Qxd3 hxg3 36. hxg3 Qxa2 37. Qd2 Qb1+ 38. Kg2 Qf5 1/2-1/2

[Event "C.to Provinciale MB"]
[Site "Barlassina ITA"]
[Date "2012.02.04"]
[Round "2"]
[White "Colombo, Luca"]
[Black "Barberi, Alessandro"]
[Result "0-1"]
[WhiteElo "1887"]
[BlackElo "2060"]
[PlyCount "92"]
[EventDate "2012.02.03"]

1. e4 g6 2. d4 Bg7 3. Nc3 d6 4. Nf3 a6 5. a4 b6 6. Bc4 e6 7. O-O Ne7 8. Be3 Nd7
9. Qd2 h6 10. Ne2 Bb7 11. Bd3 Nf6 12. Ng3 Ng4 13. c3 O-O 14. Rae1 Nxe3 15. fxe3
Qd7 16. Qc2 c5 17. Nh1 Rac8 18. Nf2 e5 19. d5 c4 20. Be2 f5 21. Nd2 b5 22. exf5
Nxd5 23. Bf3 gxf5 24. e4 Ne7 25. axb5 axb5 26. Ra1 Ra8 27. b3 d5 28. Rad1 fxe4
29. Ndxe4 Qf5 30. Bg4 Qg6 31. h3 h5 32. Be6+ Qxe6 33. Ng5 Qg6 34. Qxg6 Nxg6 35.
bxc4 bxc4 36. Ne6 Rf7 37. Rb1 Bh6 38. Nd1 Nf4 39. Nxf4 Bxf4 40. g3 Rg7 41. Rxb7
Rxb7 42. gxf4 exf4 43. Kf2 Ra1 44. Ke2 Rbb1 45. Kd2 f3 46. Kc2 f2 0-1

[Event "C.to Provinciale MB"]
[Site "Barlassina ITA"]
[Date "2012.02.04"]
[Round "2"]
[White "Falchi, Claudio"]
[Black "Puppi, Simone"]
[Result "1-0"]
[WhiteElo "1777"]
[BlackElo "1648"]
[PlyCount "67"]
[EventDate "2012.02.03"]

1. e4 c5 2. Nc3 d6 3. g3 Nf6 4. Bg2 Bg4 5. f3 Bd7 6. d3 g6 7. f4 Bc6 8. Nf3 Bg7
9. O-O Nbd7 10. h3 O-O 11. g4 Qc7 12. Qe1 b5 13. f5 e6 14. g5 Nh5 15. f6 Bh8
16. Nh2 h6 17. Bf3 Kh7 18. Bxh5 gxh5 19. Qh4 Rg8 20. Qxh5 Rg6 21. Ng4 Rag8 22.
Nxh6 Nxf6 23. Rxf6 Kg7 24. Nxg8 Kxg8 25. Rxg6+ fxg6 26. Qxg6+ Bg7 27. Qxe6+ Kf8
28. Nd5 Bxd5 29. Qxd5 Bd4+ 30. Kg2 b4 31. Bf4 Be5 32. Rf1 Kg7 33. Bxe5+ dxe5
34. Rf5 1-0

[Event "C.to Provinciale MB"]
[Site "Barlassina ITA"]
[Date "2012.02.04"]
[Round "2"]
[White "Greco, Umberto"]
[Black "Calandriello, Michele"]
[Result "1-0"]
[WhiteElo "1700"]
[BlackElo "1595"]
[PlyCount "89"]
[EventDate "2012.02.03"]

1. c4 Nf6 2. Nc3 g6 3. g3 Bg7 4. Bg2 O-O 5. Nf3 d6 6. O-O e5 7. d3 c6 8. Rb1
Re8 9. Ng5 h6 10. Nge4 Be6 11. b4 Qc7 12. Nxf6+ Bxf6 13. Bxh6 Bg7 14. Bg5 f6
15. Be3 Kf7 16. b5 Nd7 17. bxc6 bxc6 18. Qa4 Rac8 19. Rb2 Nc5 20. Bxc5 dxc5 21.
Rfb1 Rb8 22. Rxb8 Rxb8 23. Rxb8 Qxb8 24. Qxc6 Qb2 25. Qb7+ Qxb7 26. Bxb7 Bh3
27. a4 Bf8 28. a5 Bd6 29. Ne4 Ke7 30. Nd2 Kd7 31. Nb3 Kc7 32. a6 Kb6 33. f3 Kc7
34. Nd2 Bc8 35. Ne4 Be7 36. Bxc8 Kxc8 37. Nc3 Kc7 38. Nd5+ Kd6 39. Nxe7 Kxe7
40. h4 Kd6 41. g4 Ke6 42. Kf2 f5 43. Ke3 f4+ 44. Ke4 Kd6 45. h5 1-0

[Event "C.to Provinciale MB"]
[Site "Barlassina ITA"]
[Date "2012.02.04"]
[Round "2"]
[White "Lapiccirella, Daniele"]
[Black "Guzzetti, Luigi Enrico"]
[Result "1-0"]
[WhiteElo "2235"]
[BlackElo "1905"]
[PlyCount "67"]
[EventDate "2012.02.03"]

1. d4 Nf6 2. c4 g6 3. Nc3 Bg7 4. e4 d6 5. f3 O-O 6. Be3 Nbd7 7. Nh3 c6 8. Be2
a6 9. a4 Qc7 10. O-O c5 11. d5 Re8 12. g4 h6 13. Qd2 Kh7 14. f4 Nf8 15. Nf2 e6
16. e5 dxe5 17. d6 Qc6 18. fxe5 N6d7 19. Nd3 Nxe5 20. Nxe5 Bxe5 21. Rxf7+ Kg8
22. Raf1 Qxd6 23. Qxd6 Bxd6 24. Bxh6 Nd7 25. Ne4 Be5 26. Ng5 Bxb2 27. Bd3 b6
28. Bxg6 Bd4+ 29. Kg2 Bb7+ 30. Kh3 Bc6 31. Rh7 Ne5 32. Rg7+ Kh8 33. Rff7 Nxg6
34. Rxg6 1-0

[Event "C.to Provinciale MB"]
[Site "Barlassina ITA"]
[Date "2012.02.04"]
[Round "2"]
[White "Lipari, Alberto"]
[Black "Ronconi, Fausto"]
[Result "0-1"]
[WhiteElo "1624"]
[BlackElo "1726"]
[PlyCount "88"]
[EventDate "2012.02.03"]

1. d4 d5 2. g3 e6 3. Bg2 Nf6 4. a3 c5 5. Nf3 Nc6 6. Nc3 cxd4 7. Nxd4 Bc5 8. Be3
Ng4 9. Nxc6 Nxe3 10. Nxd8 Nxd1 11. Rxd1 Be7 12. Nxf7 Kxf7 13. e4 dxe4 14. Bxe4
Rd8 15. Rxd8 Bxd8 16. h4 Bd7 17. Bxh7 Bf6 18. Nd1 Bc6 19. Rh2 Bf3 20. Nc3 Rc8
21. Bd3 Bxc3+ 22. bxc3 Rxc3 23. a4 Ra3 24. Bb5 a6 25. Be2 Bc6 26. f4 Rxg3 27.
Rf2 Bxa4 28. Bc4 Rc3 29. Bd3 Kf6 30. f5 e5 31. Kd2 Rc7 32. Rg2 Be8 33. Ke3 b5
34. Rg1 a5 35. Rb1 b4 36. Kd2 Bd7 37. Rg1 Be8 38. Rg4 Rd7 39. Kc1 Rd4 40. Rxd4
exd4 41. Kb2 Bd7 42. Be2 a4 43. Bc4 Kxf5 44. Bf1 Kf4 0-1

[Event "C.to Provinciale MB"]
[Site "Barlassina ITA"]
[Date "2012.02.04"]
[Round "2"]
[White "Monticelli, Francesco"]
[Black "Sala, Pierluigi"]
[Result "1-0"]
[WhiteElo "1690"]
[BlackElo "1454"]
[PlyCount "91"]
[EventDate "2012.02.03"]

1. e4 e5 2. Nf3 Nc6 3. Bc4 Bc5 4. c3 Nf6 5. d3 O-O 6. Bg5 d6 7. d4 exd4 8. cxd4
Bb6 9. O-O Bg4 10. d5 Ne5 11. Be2 Re8 12. Nxe5 Bxe2 13. Qxe2 Rxe5 14. Bh4 Rxe4
15. Qxe4 Bxf2+ 16. Rxf2 Nxe4 17. Bxd8 Nxf2 18. Bxc7 Ne4 19. Nc3 Nxc3 20. bxc3
Rc8 21. Re1 g6 22. Bxd6 Rd8 23. Bc5 f5 24. c4 b6 25. Bd4 Kf7 26. Kf2 Rd7 27.
Kf3 b5 28. cxb5 Rxd5 29. Bxa7 Rxb5 30. Be3 Ra5 31. Re2 Ra3 32. Kf2 Ra4 33. g3
Kf6 34. h4 Kf7 35. Bc5 Kf6 36. Be7+ Kf7 37. Bg5 Ra7 38. Kf3 Ra3+ 39. Kf4 Ra4+
40. Ke5 Ra8 41. Kd6 Kg8 42. Kd7 Ra7+ 43. Kc6 Ra3 44. Bf4 Kf7 45. Kb5 Ra8 46. a4
1-0

[Event "C.to Provinciale MB"]
[Site "Barlassina ITA"]
[Date "2012.02.04"]
[Round "2"]
[White "Moroni, Luca jr"]
[Black "Burani, Eugenio"]
[Result "1-0"]
[WhiteElo "2061"]
[BlackElo "1878"]
[PlyCount "61"]
[EventDate "2012.02.03"]

1. e4 c5 2. Nf3 Nf6 3. Nc3 Nc6 4. d4 cxd4 5. Nxd4 e5 6. Ndb5 d6 7. Bg5 a6 8.
Na3 b5 9. Nd5 Be7 10. Bxf6 Bxf6 11. c3 Bg5 12. Nc2 O-O 13. a4 bxa4 14. Rxa4 Ne7
15. Ncb4 a5 16. h4 Bxh4 17. Qh5 Bxf2+ 18. Kxf2 h6 19. Qh4 f6 20. Bc4 Kh7 21.
Nxe7 Qxe7 22. Nd5 Qa7+ 23. Kg3 Bd7 24. Raa1 Qc5 25. Bd3 f5 26. Qe7 f4+ 27. Kf3
Bc6 28. Rxh6+ Kxh6 29. Rh1+ Kg6 30. Qe6+ Rf6 31. Ne7+ 1-0

[Event "C.to Provinciale MB"]
[Site "Barlassina ITA"]
[Date "2012.02.04"]
[Round "2"]
[White "Regorda, Vittorio"]
[Black "Paniga, Danilo"]
[Result "1-0"]
[WhiteElo "1832"]
[BlackElo "1854"]
[PlyCount "43"]
[EventDate "2012.02.03"]

1. d4 f5 2. g3 Nf6 3. Bg2 g6 4. Nh3 Bg7 5. O-O d6 6. d5 O-O 7. Nf4 Na6 8. Nc3
Nc5 9. Nb5 a6 10. Nd4 e5 11. dxe6 Qe7 12. c3 Nfe4 13. Nd5 Qe8 14. Nxc7 Qd8 15.
Nxa8 Nxe6 16. Qb3 N4c5 17. Qb6 Qe7 18. Nxe6 Bxe6 19. Nc7 Bc8 20. Be3 Na4 21.
Qb4 Nxb2 22. Nd5 1-0

[Event "C.to Provinciale MB"]
[Site "Barlassina ITA"]
[Date "2012.02.04"]
[Round "2"]
[White "Verderame, Alberto"]
[Black "Carbone, Lorenzo"]
[Result "0-1"]
[WhiteElo "1425"]
[BlackElo "1698"]
[PlyCount "40"]
[EventDate "2012.02.03"]

1. d4 d5 2. e3 e6 3. Nf3 Nf6 4. b3 Be7 5. Bd3 O-O 6. Ne5 Nbd7 7. O-O Ne4 8. c4
Bf6 9. f4 c5 10. Qc2 cxd4 11. Bxe4 dxe4 12. exd4 Nxe5 13. fxe5 Qxd4+ 14. Qf2
Qxe5 15. Ba3 Qxa1 16. Bxf8 Bd4 17. Bxg7 Bxf2+ 18. Kh1 Kxg7 19. Nd2 Qd4 20. Nxe4
Qxe4 0-1

[Event "C.to Provinciale MB"]
[Site "Barlassina ITA"]
[Date "2012.02.04"]
[Round "3"]
[White "Barberi, Alessandro"]
[Black "Lapiccirella, Daniele"]
[Result "0-1"]
[WhiteElo "2060"]
[BlackElo "2235"]
[PlyCount "48"]
[EventDate "2012.02.03"]

1. d4 d5 2. Nf3 Nf6 3. c4 c6 4. e3 e6 5. Nbd2 Nbd7 6. b3 Bd6 7. Bb2 b6 8. Bd3
O-O 9. O-O Bb7 10. Qe2 c5 11. Ne5 Qe7 12. Rad1 Rad8 13. f4 Ne4 14. cxd5 exd5
15. Nxe4 dxe4 16. Bb5 Nf6 17. Bc6 cxd4 18. exd4 Bxe5 19. fxe5 Bxc6 20. exf6 Qe6
21. fxg7 Rfe8 22. d5 Rxd5 23. Rf6 Qd7 24. Rdf1 Bb5 0-1

[Event "C.to Provinciale MB"]
[Site "Barlassina ITA"]
[Date "2012.02.04"]
[Round "3"]
[White "Burani, Eugenio"]
[Black "Greco, Umberto"]
[Result "1-0"]
[WhiteElo "1878"]
[BlackElo "1700"]
[PlyCount "99"]
[EventDate "2012.02.03"]

1. e4 d6 2. d4 Nf6 3. Nc3 g6 4. Bc4 Bg7 5. Qe2 O-O 6. e5 Ne8 7. Nf3 c6 8. Bf4
d5 9. Bd3 Nc7 10. O-O Ne6 11. Be3 Qb6 12. Na4 Qc7 13. Ng5 b6 14. Nxe6 Bxe6 15.
f4 Qc8 16. f5 gxf5 17. Qh5 f6 18. Rxf5 Bf7 19. Qh4 Bg6 20. Rf3 f5 21. Qxe7 Qd7
22. Qxd7 Nxd7 23. Raf1 c5 24. c3 f4 25. Bc1 Bxd3 26. Rxd3 b5 27. Nxc5 Nxc5 28.
dxc5 Bxe5 29. Rxd5 Rf5 30. Bxf4 Rxf4 31. Rxe5 Rc4 32. Rff5 Rd8 33. Rd5 Re8 34.
Rfe5 Rf8 35. Rd4 Rf4 36. Rxc4 Rxc4 37. Kf2 a5 38. Ke3 a4 39. Kd3 Kf7 40. b3 Rg4
41. g3 a3 42. c6 Rg6 43. Rc5 Rd6+ 44. Ke4 Re6+ 45. Kd5 Re2 46. c7 Rxa2 47. c8=Q
Rd2+ 48. Ke4 a2 49. Rc7+ Kf6 50. Qf5# 1-0

[Event "C.to Provinciale MB"]
[Site "Barlassina ITA"]
[Date "2012.02.04"]
[Round "3"]
[White "Calandriello, Michele"]
[Black "Paniga, Danilo"]
[Result "0-1"]
[WhiteElo "1595"]
[BlackElo "1854"]
[PlyCount "138"]
[EventDate "2012.02.03"]

1. d4 f5 2. c4 Nf6 3. Nf3 g6 4. g3 Bg7 5. Bg2 d6 6. Nc3 O-O 7. O-O Qe8 8. b3 a5
9. Bb2 e5 10. Nb5 Na6 11. dxe5 Ne4 12. Nd2 Bxe5 13. Bxe5 Qxe5 14. Nxe4 fxe4 15.
Qd2 b6 16. Qd5+ Qxd5 17. cxd5 Re8 18. Rac1 Re7 19. Rc4 Nc5 20. Rc2 Ba6 21. Nc3
b5 22. Nd1 b4 23. Ne3 a4 24. Rb2 axb3 25. axb3 Bb5 26. Re1 Ra3 27. Nc2 Rxb3 28.
Rxb3 Nxb3 29. Nxb4 Kg7 30. e3 Kf6 31. Bh3 Nd2 32. Ra1 Nf3+ 33. Kh1 Ne5 34. Kg1
Nd3 35. Bf1 Nxb4 36. Bxb5 Nxd5 37. Bc6 Nb6 38. Ra7 Ke5 39. Kg2 d5 40. Rb7 Kd6
41. Bb5 Kc5 42. Be2 Nc4 43. h4 Ne5 44. Rb5+ Kd6 45. Rb7 c6 46. Rb8 Ra7 47. Rd8+
Kc5 48. Re8 Nd3 49. Bg4 Rf7 50. Rh8 Rxf2+ 51. Kh3 Rf7 52. Be6 Re7 53. Bc8 Ne1
54. Kg4 Ng2 55. Kg5 Nxe3 56. Kf6 Rc7 57. Be6 Nc2 58. Re8 e3 59. Bg4 d4 60. Bd1
Nb4 61. Be2 d3 62. Bxd3 Nxd3 63. Rxe3 Kd4 64. Re2 c5 65. g4 c4 66. h5 gxh5 67.
gxh5 c3 68. Rc2 Nb4 69. Rc1 c2 0-1

[Event "C.to Provinciale MB"]
[Site "Barlassina ITA"]
[Date "2012.02.04"]
[Round "3"]
[White "Guzzetti, Luigi Enrico"]
[Black "Cocconcelli, Lorenzo"]
[Result "0-1"]
[WhiteElo "1905"]
[BlackElo "1941"]
[PlyCount "56"]
[EventDate "2012.02.03"]

1. e4 e6 2. d4 d5 3. e5 c5 4. c3 Nc6 5. Nf3 Qb6 6. Be2 cxd4 7. cxd4 Nge7 8. Nc3
Nf5 9. Na4 Bb4+ 10. Kf1 Qd8 11. a3 Be7 12. g4 Nh4 13. Nxh4 Bxh4 14. Kg2 f6 15.
exf6 Bxf6 16. Be3 O-O 17. f4 Be7 18. b4 Bd6 19. Qd2 b6 20. Bd3 Bb7 21. Bc2 e5
22. fxe5 Nxe5 23. Bg5 Qd7 24. Bf5 Rxf5 25. gxf5 Qxf5 26. Bf4 Qe4+ 27. Kh3 Bc8+
28. Kh4 Be7+ 0-1

[Event "C.to Provinciale MB"]
[Site "Barlassina ITA"]
[Date "2012.02.04"]
[Round "3"]
[White "Mondal, Prince"]
[Black "Carbone, Lorenzo"]
[Result "1-0"]
[WhiteElo "1768"]
[BlackElo "1698"]
[PlyCount "77"]
[EventDate "2012.02.03"]

1. e4 c5 2. c3 d6 3. d4 cxd4 4. cxd4 Nf6 5. Nc3 e6 6. Bd3 Nc6 7. Bc2 Be7 8.
Nge2 O-O 9. O-O a6 10. a3 b5 11. Qd3 b4 12. Nd1 Bb7 13. f4 Qb6 14. Kh1 Rac8 15.
e5 Nxe5 16. fxe5 Be4 17. Qe3 Bxc2 18. exf6 Bxf6 19. axb4 Bxd1 20. Rxd1 Rc2 21.
Qd3 Rfc8 22. Nc3 Rf2 23. Ne4 Rf5 24. Rxa6 Qc7 25. h3 Be7 26. Bd2 Rb8 27. Rc1
Qd8 28. Rac6 Rfb5 29. Qc2 d5 30. Nf2 Bf8 31. Nd3 Qh4 32. Be3 Qe4 33. Bf2 g6 34.
Nc5 Qxc2 35. Rxc2 Rxb4 36. Na6 Rxb2 37. Nxb8 Rxb8 38. Bg3 Rb1+ 39. Rc1 1-0

[Event "C.to Provinciale MB"]
[Site "Barlassina ITA"]
[Date "2012.02.04"]
[Round "3"]
[White "Puppi, Simone"]
[Black "Monticelli, Francesco"]
[Result "0-1"]
[WhiteElo "1648"]
[BlackElo "1690"]
[PlyCount "120"]
[EventDate "2012.02.03"]

1. e4 c6 2. d4 d5 3. e5 c5 4. c3 e6 5. Nf3 Nd7 6. Bb5 a6 7. Ba4 b5 8. Bc2 cxd4
9. cxd4 Bb4+ 10. Nc3 Nb6 11. a3 Bxc3+ 12. bxc3 Qc7 13. Qd3 Bb7 14. O-O Rc8 15.
Bd2 Nc4 16. Be1 Ne7 17. Ra2 Ng6 18. g3 Nb6 19. h4 Qc4 20. Rb2 Qxd3 21. Bxd3 Nc4
22. Rb3 Bc6 23. Nd2 Nf8 24. Bxc4 dxc4 25. Rb2 Nd7 26. f3 Nb6 27. Ne4 Bxe4 28.
fxe4 O-O 29. Bd2 h6 30. Rc2 Rfd8 31. Be3 Nd7 32. Rcf2 f6 33. exf6 Nxf6 34. Rf4
Rf8 35. g4 Nd7 36. Kg2 Rxf4 37. Rxf4 Rf8 38. Kg3 Nf6 39. g5 hxg5 40. Rxf6 gxh4+
41. Kxh4 gxf6 42. Kh5 Kf7 43. Kg4 Rg8+ 44. Kf3 Rh8 45. d5 exd5 46. exd5 Re8 47.
Bc5 Re5 48. Bb6 Rxd5 49. Ke4 Ke6 50. Kf4 Rd3 51. Ba5 Rd1 52. Ke4 Ra1 53. Bb4
f5+ 54. Kd4 Re1 55. Kc5 Kd7 56. Kb6 Re6+ 57. Ka5 Rc6 58. a4 bxa4 59. Kxa4 f4
60. Ba3 f3 0-1

[Event "C.to Provinciale MB"]
[Site "Barlassina ITA"]
[Date "2012.02.04"]
[Round "3"]
[White "Regorda, Vittorio"]
[Black "Moroni, Luca jr"]
[Result "1/2-1/2"]
[WhiteElo "1832"]
[BlackElo "2061"]
[PlyCount "101"]
[EventDate "2012.02.03"]

1. d4 d5 2. c4 e6 3. Nf3 Nf6 4. g3 Be7 5. Bg2 Nbd7 6. Nbd2 O-O 7. O-O b6 8. Qc2
Bb7 9. Ng5 h6 10. Ngf3 c5 11. cxd5 Nxd5 12. a3 Rc8 13. dxc5 Bxc5 14. Qd1 N7f6
15. Nb3 Bd6 16. Re1 Nc7 17. Be3 Qe7 18. Nfd4 Bxg2 19. Kxg2 Ncd5 20. Bd2 Ne4 21.
f3 Nxd2 22. Qxd2 Qg5 23. Qxg5 hxg5 24. e4 Ne7 25. Rac1 Be5 26. Rxc8 Rxc8 27.
Re2 Nc6 28. Rc2 Ne7 29. Rf2 Rc4 30. Rd2 a6 31. Ne2 Bf6 32. Nbd4 Ng6 33. b3 Rc8
34. Kf2 Be7 35. Rc2 Rxc2 36. Nxc2 Bc5+ 37. Kg2 a5 38. b4 axb4 39. axb4 Bd6 40.
Nc3 Ne5 41. Na4 Nd7 42. Nb2 Kf8 43. Kf2 Ne5 44. h3 Nc6 45. Nd3 e5 46. Ke2 Ke7
47. Kd2 g6 48. g4 b5 49. Kc3 Kd7 50. Nf2 Ke6 51. Kb3 1/2-1/2